000 01239nam a22003257a 4500
005 20240530110430.0
008 150330s2003 su oe f 001 0 ara d
017 _a1424/3023
_bالسعودية . مكتبة الملك فهد
020 _a9960403858
040 _aEG-CaGPL
082 0 4 _221
_a302.2
_bط/ج س
100 1 _aجراهام ، ايان
_eايان جراهام
245 1 2 _aالكتب والصحف /
_cايان جراهام ؛ ترجمة مركز التعريب والترجمة بمكتبة العبيكان
250 _aط1
260 _aالرياض :
_bمكتبة العبيكان ،
_c2003
300 _a49 ص :
_bايض ؛
_c30 سم
490 0 _aسلسلة الاتصالات تحت المجهر
650 0 4 _aهندسة الاتصالات
650 0 4 _aوسائل الاعلام
650 0 4 _aالبطاقات الممغنطة
650 0 4 _aالورق
_xصناعة
650 0 4 _aالحاسب الالى
_xتصميم
650 0 4 _aالكتب
650 0 4 _aالحبر
650 0 4 _aالطباعة
650 0 4 _aالمخطوطات
700 _aمركز التعريب والترجمة بمكتبة العبيكان
_eمترجم
942 _2ddc
_cBK
999 _c60829
_d60829